| 000 | 00849cam a22002651 4500 | ||
|---|---|---|---|
| 001 | 18969 | ||
| 003 | BD-RjUL | ||
| 005 | 20211209000351.0 | ||
| 008 | 140222s1961 nyuacf b 001 0 eng | ||
| 035 | _a(BD-RjUL) | ||
| 040 |
_aDLC/ICU _cICU _dDLC _beng |
||
| 041 | 1 | _aengrus | |
| 082 | 0 | 0 |
_a669.95 _bLOH |
| 100 | 1 |
_aLozinskiÄ, M. G. _q(Mikhail GrigorĘševich), _d1909- _953028 |
|
| 245 | 1 | 0 |
_aHigh temperature metallography / _cTranslated by L. Herdan. |
| 260 |
_aNew York : _bPergamon Press, _c1961. |
||
| 300 |
_axix, 484 p. : _bill. ; _c26 cm. |
||
| 504 | _aIncludes Bibliography: p. 461-472 and index. | ||
| 650 | 0 |
_aMetallography. _958483 |
|
| 650 | 0 |
_aMetals _xEffect of high temperatures on. _939999 |
|
| 942 |
_2ddc _cBK |
||
| 999 |
_c18969 _d18969 |
||